14.1 and 14.2 - Statistics

General Stats
  • This quiz has been taken 32 times
  • The average score is 27 of 44
Answer Stats
Hint Answer % Correct
the year they wanted to go back before 1789
93%
want a written constitution and are against divine right liberals
93%
extreme liberals who would use violence radicals
93%
would change be fast or slow slow
93%
after his death his brother _____ __ takes over. He favored absolutism and abdicated the throne, streets rioted Charles X
86%
Italy and Germanys revelations were shut down by ______ military forces Austria
79%
want to go back to pre revolution and pre napoleon time conservatives
79%
they were combined to make a power BARRIER next to this country France
79%
Greece was forced to accept a ____ king German
79%
MAIN GOAL OF THIS REVOLUTION WAS _____ SLAVERY abolish
71%
Napoleon invaded Spain in 1808 so he could put his ______ on the throne brother
71%
Belgians were _____ and economy was based on manufacturing Catholic
71%
4 causes of Latin American revolutions: _____ discontent, being left out of govt. Creole
71%
4 causes of Latin American revolutions: American and French _________ Revolutions
71%
this man was a Creole- liked the ideas of “liberty, equality, and fraternity.”, Bolivia named after him Simon Bolivar
71%
_____ plantations were worked by enslaved Africans in Haiti Sugar
71%
two main years for revolutions 1830
64%
Belgians revolted demand for independence and a written ____ Constitution
64%
4 causes of Latin American revolutions: _______ ideas enlightened
64%
The citizen King (_____ ____) was chosen by liberals to lead and interacted with the people Louis Philippe
64%
Belgium was under the control of this country Netherlands
64%
this country is successful in its fight against the ottoman empire and gained autonym Serbia
64%
Skillful leader in the Haitians rebellion over France Toussaint L’Ouverture
64%
Haiti became a republic in this year 1820
57%
congress of Vienna restores this king to Frances throne Louis XVIII
57%
Creole priest of Mexico, Father ____ _____, fought for freedom Miguel Hidalgo
57%
4 causes of Latin American revolutions: Spain and Portugal fighting in ______ wars Napoleonic
57%
Napoleon sent army to take over the former French colony in this year 1802
50%
What year was the congress of Vienna 1815
50%
restoring royal families was called legitimacy
50%
Greece was supported by this man during its rebellion Lord Byron
50%
Ruled w/ economic growth but his foreign affairs will destroy his power, deemed emperor of France Napoleon III
50%
1821- Bolivar succeeded in freeing Venezuela Bolivar is now known as the “Liberator” Took over Ecuador, ___, and Bolivia peru
50%
Famous speech- “el Grito de Dolores” – __ ___ __ _____- called for Mexicans to fight for independence. the cry of Dolores
50%
Dutch were Protestant and their economy was based on _____ trade
50%
this illness destroyed the French army yellow fever
50%
two main years for revolutions 1848
43%
rebellion in the peninsula Balkan
43%
When the king returned to Portugal, he left his son, ___ _____ to rule Brazil Dom Pedro
43%
The only fully ____ led revolution slave
43%
Iturbide takes up the name emperor ______ I after helping Mexico gain freedom Agustin
36%
Bolivar was from ________ Venezuela
36%
Father ____ _____ was a mestizo who called for wide-ranging social and political reform Jose Morelos
21%
was the General that was to help Argentina achieve freedom from Spain Jose de San Martin
14%
No matching quizzes found
Score Distribution
Percent of People with Each Score
Percentile by Number Answered
Your Score History
You have not taken this quiz